[Event "AUTO-INT-606"]
[Site "http://www.queenalice.com/game.php?id=267766"]
[Date "2007.9.6"]
[Round "1"]
[White "xandudz"]
[Black "fyre11"]
[Result "1-0"]
[WhiteElo "1487"]
[BlackElo "1246"]

1. e4 Nf6 2. e5 Ng4 3. Qxg4 h5 4. Qf3 e6 5. d4 Bb4+ 6. c3 Qh4 7. g3 Bxc3+ 8.
bxc3 Qe7 9. Ba3 Qg5 10. Bg2 Nc6 11. Nh3 Qh6 12. O-O 1-0

[Event "AUTO-INT-606"]
[Site "http://www.queenalice.com/game.php?id=267767"]
[Date "2007.9.6"]
[Round "1"]
[White "fyre11"]
[Black "xandudz"]
[Result "0-1"]
[WhiteElo "1240"]
[BlackElo "1493"]

1. a4 e5 2. Ra3 Bxa3 3. bxa3 Nc6 4. e4 d6 5. Qh5 Nf6 6. Qxf7+ Kxf7 7. Bc4+ d5 8.
exd5 Na5 9. Bb5 Qxd5 10. Nf3 Rd8 11. Bb2 Qe4+ 12. Kf1 Qxc2 0-1

[Event "AUTO-INT-606"]
[Site "http://www.queenalice.com/game.php?id=267780"]
[Date "2007.9.6"]
[Round "1"]
[White "Petruzza"]
[Black "fyre11"]
[Result "1-0"]
[WhiteElo "1587"]
[BlackElo "1353"]

1. e3 e6 2. d4 c6 3. c4 Qa5+ 4. Bd2 Qf5 5. g4 Qg6 6. h4 a5 7. h5 Qe4 8. f3 Qxb1
9. Qxb1 Bd6 10. c5 Bg3+ 11. Ke2 d5 12. cxd6 Ra6 13. Kd1 Rb6 14. Bxa5 Rb5 15. Bc7
Na6 16. Bxb5 Nxc7 17. Ba4 Nd5 18. Qc1 Nxe3+ 19. Qxe3 Bxd6 20. Rc1 b5 21. Bb3 Ne7
22. Nh3 b4 23. Ba4 Bb7 24. d5 Nxd5 25. Qd4 Ne7 26. Bxc6+ Nxc6 27. Qxd6 Ba6 28.
Qxc6+ Kd8 29. Qxa6 Ke8 30. Rc7 Rf8 31. Qc8# 1-0

[Event "AUTO-INT-606"]
[Site "http://www.queenalice.com/game.php?id=267781"]
[Date "2007.9.6"]
[Round "1"]
[White "fyre11"]
[Black "Petruzza"]
[Result "0-1"]
[WhiteElo "1289"]
[BlackElo "1554"]

1. a4 e6 2. b4 Bxb4 3. c3 Bf8 4. Qb3 Na6 5. Qc4 d5 6. Qg4 f5 7. Qh5+ g6 8. Qf3
Nc5 9. Qf4 Nb3 10. Na3 Nxa1 11. Qe3 Bxa3 12. Bxa3 Nc2+ 13. Kd1 Nxe3+ 14. Kc1
Nxf1 15. d4 Qg5+ 16. Kc2 Qxg2 17. e3 Qxh1 18. Nh3 Qxh2 19. Ng5 Qxf2+ 20. Kb3
Qxe3 21. Nxe6 Bxe6 22. a5 Nd2+ 23. Ka4 Qxc3 24. Bb4 Bd7# 0-1

[Event "AUTO-OPEN-820"]
[Site "http://www.queenalice.com/game.php?id=267885"]
[Date "2007.9.6"]
[Round "1"]
[White "fyre11"]
[Black "Renatogr90"]
[Result "0-1"]
[WhiteElo "1316"]
[BlackElo "1515"]

1. a4 e5 2. h4 Qf6 3. f3 Bc5 4. Nc3 Bxg1 5. Rxg1 Nc6 6. Nd5 Qd6 7. e4 Nf6 8. d3
Nxd5 9. Qd2 Nf4 10. Ra3 Qh6 0-1

[Event "AUTO-OPEN-820"]
[Site "http://www.queenalice.com/game.php?id=267886"]
[Date "2007.9.6"]
[Round "1"]
[White "Renatogr90"]
[Black "fyre11"]
[Result "1-0"]
[WhiteElo "1523"]
[BlackElo "1308"]

1. e4 h5 2. Nh3 Rh6 3. Qf3 f6 4. Bc4 e6 5. d3 Bb4+ 6. Nc3 a5 7. Bxh6 Nxh6 8.
O-O-O e5 9. Nd5 c6 10. Qxh5+ g6 11. Qxg6+ 1-0

[Event "AUTO-INT-607"]
[Site "http://www.queenalice.com/game.php?id=268157"]
[Date "2007.9.7"]
[Round "1"]
[White "fyre11"]
[Black "cameleon"]
[Result "0-1"]
[WhiteElo "1264"]
[BlackElo "2089"]

1. a4 e5 2. h4 d5 3. Ra3 Bxa3 4. Nxa3 Nc6 5. e4 dxe4 6. Bc4 Nf6 7. Bxf7+ Kxf7 8.
Rh3 Bxh3 9. Nxh3 h6 10. c3 b6 11. Qb3+ Qd5 12. c4 Qe6 0-1

[Event "AUTO-INT-607"]
[Site "http://www.queenalice.com/game.php?id=268158"]
[Date "2007.9.7"]
[Round "1"]
[White "cameleon"]
[Black "fyre11"]
[Result "1-0"]
[WhiteElo "2087"]
[BlackElo "1266"]

1. d4 c6 2. e4 Qa5+ 3. Bd2 Qb6 4. Bc3 e6 5. Nf3 Bb4 6. Bd3 Nf6 7. Qd2 O-O 8.
Bxb4 Qd8 9. c4 a5 10. Bxf8 Qxf8 11. Nc3 1-0

[Event "AUTO-BEG-135"]
[Site "http://www.queenalice.com/game.php?id=268477"]
[Date "2007.9.8"]
[Round "1"]
[White "fyre11"]
[Black "zxguttixz"]
[Result "1-0"]
[WhiteElo "1178"]
[BlackElo "1335"]

1. a4 e5 2. e4 Nf6 3. Bc4 Bc5 4. Bxf7+ Kxf7 5. Nf3 Re8 6. Ng5+ Kg8 7. O-O d5 8.
b4 Bxb4 9. Ba3 Bxa3 10. Rxa3 dxe4 11. Re3 Bf5 12. Nc3 1-0

[Event "AUTO-BEG-135"]
[Site "http://www.queenalice.com/game.php?id=268478"]
[Date "2007.9.8"]
[Round "1"]
[White "zxguttixz"]
[Black "fyre11"]
[Result "1-0"]
[WhiteElo "1517"]
[BlackElo "1262"]

1. e4 e5 2. Nf3 Bb4 3. Bc4 Qf6 4. O-O Qg6 5. d3 Qxg2+ 6. Kxg2 a5 7. Nxe5 Nf6 8.
Bxf7+ Kf8 9. Bg5 Nh5 10. Qxh5 d6 11. Be8 dxe5 12. Qf7# 1-0

[Event "Let's Play Chess!"]
[Site "http://www.queenalice.com/game.php?id=274535"]
[Date "2007.9.20"]
[Round "-"]
[White "fyre11"]
[Black "Moondawg"]
[Result "0-1"]
[WhiteElo "1350"]
[BlackElo "1823"]

1. e4 e5 2. Bc4 Nf6 3. Nf3 h6 4. Nxe5 d5 5. Bb5+ c6 6. Bd3 Bd6 7. Nxf7 Kxf7 8.
O-O dxe4 9. Bc4+ Be6 10. d3 Bxc4 11. Na3 Bxa3 12. Bf4 Bxb2 13. Rb1 Qd4 14. Bxb8
Rhxb8 15. c3 Qxc3 16. dxc4 Ba3 17. Rb3 Qa5 0-1